Statistics for Countries of BAFTA For Best Film Not in the English Language

Click here to take the quiz!

General Stats

  • This quiz has been taken 31 times
  • The average score is 29 of 40

Answer Stats

# NominatedCountry% Correct
75France
96%
34Germany / West Germany
96%
22Italy
96%
3Russia
96%
4Austria
92%
4Argentina
92%
5Poland
92%
5Brazil
92%
3Japan
92%
13Spain
92%
2Norway
88%
8Sweden
88%
5Switzerland
88%
8China
88%
6Mexico
88%
6India
84%
5Denmark
84%
2Hungary
80%
1Romania
76%
1South Korea
76%
3Iran
76%
1Turkey
76%
1Chile
72%
14United Kingdom
72%
4Canada
72%
1Israel
72%
2Czech Republic
72%
2Peru
64%
7Belgium
64%
5Taiwan
64%
8United States
64%
4Netherlands
64%
1South Africa
60%
1Cuba
48%
1Morocco
44%
1Lebanon
32%
1Saudi Arabia
32%
1Jordan
24%
1Cambodia
16%
1Mauritania
4%

Score Distribution

Percentile by Number Answered

Percent of People with Each Score

Your Score History

You have not taken this quiz